Normale Ansicht MARC-Ansicht ISBD

Pressekriege : (Titelsatznr. 14580)

[ MARC ]
MARC-Details
000 -Satzkennung
Kontrollfeld mit fester Länge 00650nam a22001931c 4500
001 - Kontrollnummer
Kontrollfeld ht015192137
008 - Feld mit fester Länge zur physischen Beschreibung - Allgemeine Angaben
Kontrollfeld mit fester Länge 080305s2007 gw a||| 000u ger d
041 ## - Sprachcode
Sprachcode des Textes/der Tonspur oder des separaten Titels ger
040 ## - Katalogisierungsquelle
Übertragungsstelle RU-10907106
003 - Kontrollnummer Identifier
Kontrollfeld RU-10907106
100 1# - Haupteintragung - Personenname
Personenname Geppert, Dominik
245 00 - Titel
Titel Pressekriege :
Zusatz zum Titel Öffentlichkeit und Diplomatie in den deutsch-britischen Beziehungen (1896 - 1912) /
Verfasserangabe etc. Dominik Geppert
264 ## - Produktion, Veröffentlichung, Distribution, Herstellung und Urheberrechtsvermerk
Herstellungs-, Veröffentlichungs- Vertriebs-, Erzeugungsort München :
Produzent, Herausgeber, Distributor, Hersteller Oldenbourg,
Datum der Herstellung, der Veröffentlichung, des Vertriebs oder des Urheberschutzvermerks 2007
300 ## - Physische Beschreibung
Umfang VII, 490 S. : Ill
490 #0 - Gesamttitelangabe
Gesamttitelangabe Veröffentlichungen des Deutschen Historischen Instituts London
Bandnummer/Folgebezeichnung 64
502 ## - Dissertationsvermerk
Dissertationsvermerk Zugl.: Berlin, Freie Univ., Habil.-Schr., 2005
655 #0 - Indexierungsterm - Genre/Form
Genre/Form oder fokussierter Term Hochschulschrift
942 ## - Zusätzliche Felder (Koha)
Koha-Medientyp Monographien
Exemplare
Ausgeschieden Verloren Klassifikation oder Aufstellungssystematik Beschädigt Nicht entleihbar Heimatbibliothek Aufenthaltsbibliothek Aufstellungsort Erwerbungsdatum Inventarnummer Signatur Barcode Letzte Aktivität Preis gültig von Koha-Medientyp
    Andere/Generische Klassifikation     MWN Osteuropa MWN Osteuropa Lesesaal - 1 05/03/2008 08-01462 D 44 c Gep E0040150790E89B9 22/02/2021 22/03/2021 Monographien